000 01302nam a2200349 a 4500
001 000114404
003 CHAP
005 20241015134226.0
008 180119s2017 mx sm |||||||spa d
010 _a110865
011 _a111837
040 _cCHAP
090 _aTesis
100 1 _aCarrasco Pérez, Saúl
_919355
245 1 0 _aModelos de negocio de empresas productoras de leche:
_h[En línea]
_bestrategias para transformar la cadena de valor /
_cpor Saúl Carrasco Pérez.
260 _aChapingo, Méx. :
_bEl autor,
_c2017.
500 _aPara ver el contenido del material haga clic en la liga
502 _aTesis (M.C. en Estrategia Agroempresarial) -- UACH. Departamento de CIESTAAM
590 _aBATCH
_b00
_c20181121
_lUCH01
_h0759
590 _aE6339RRR
_b05
_c20180119
_lUCH01
_h1342
590 _aE6339RRR
_b05
_c20180119
_lUCH01
_h1342
590 _aE6339RRR
_b05
_c20180119
_lUCH01
_h1344
650 1 4 _aEmpresas agropecuarias
_xInnovaciones tecnológicas.
_9131413
650 1 4 _aEmpresas familiares
_xAspectos económicos.
_9132531
650 1 7 _aIndustria lechera
_zMéxico
_2
_957847
650 1 4 _aLeche
_xProducción.
_965400
856 _a1
_n0001306
856 _aFinding aid
_uhttp://10.13.5.2/tesis/sist114404.pdf
_zTeclea aquí
901 _aBK
942 _cLIBRO
942 _n0
999 _c110865
_d110865